000
00275nmm a2200097Ia 4500
008
220120s9999||||xx |||||||||||||||||und||
082
_a
00 5.133 BEN
100
_a
Benjamin, Danial
_9
2793
245
0
_a
OCP oracle9i database: new features for administrators exam
260
_c
2002
999
_c
139037
_d
139037